Designing and managing basic agricultural programs

保存先:
書誌詳細
第一著者: Earl M Kulp
フォーマット: 図書
言語:Undetermined
出版事項: Bloomington International Development Institut 1977
主題:
タグ: タグ追加
タグなし, このレコードへの初めてのタグを付けませんか!
Thư viện lưu trữ: Trung tâm Học liệu Trường Đại học Cần Thơ
LEADER 00516nam a2200181Ia 4500
001 CTU_11399
008 210402s9999 xx 000 0 und d
082 |a 658.93 
082 |b K96 
100 |a Earl M Kulp 
245 0 |a Designing and managing basic agricultural programs 
245 0 |c Earl M Kulp 
260 |a Bloomington 
260 |b International Development Institut 
260 |c 1977 
650 |a developing countries 
904 |i Minh, 961022 
980 |a Trung tâm Học liệu Trường Đại học Cần Thơ